Petersburg (Record no. 183)
[ view plain ]
| 000 -LEADER | |
|---|---|
| fixed length control field | 00998 am a2200313 x 4500 |
| 001 - CONTROL NUMBER | |
| control field | 1182061 |
| 005 - DATE AND TIME OF LATEST TRANSACTION | |
| control field | 20200421093821.0 |
| 008 - FIXED-LENGTH DATA ELEMENTS--GENERAL INFORMATION | |
| fixed length control field | 340430r19831978enkb w 00011 eng |
| 015 ## - NATIONAL BIBLIOGRAPHY NUMBER | |
| National bibliography number | b8416835 |
| 020 ## - INTERNATIONAL STANDARD BOOK NUMBER | |
| International Standard Book Number | 0140064125 |
| 041 10 - LANGUAGE CODE | |
| Language code of text/sound track or separate title | engrus |
| 049 00 - LOCAL HOLDINGS (OCLC) | |
| Holding library | BL |
| Copy statement | BL |
| Definition of bibliographic subdivisions | 840523 |
| 082 00 - DEWEY DECIMAL CLASSIFICATION NUMBER | |
| Classification number | 891.73/3 |
| Edition information | 19 |
| 100 10 - MAIN ENTRY--PERSONAL NAME | |
| Personal name | Bely, Andrey, |
| Dates associated with a name | 1880-1934. |
| 9 (RLIN) | 317 |
| 240 20 - UNIFORM TITLE | |
| Uniform title | Petersburg |
| Language of a work | English |
| 245 10 - TITLE STATEMENT | |
| Title | Petersburg |
| Statement of responsibility, etc. | Andrei Bely |
| -- | translated, annotated and introduced by Robert A. Maguire and John E. Malmstad |
| 260 ## - PUBLICATION, DISTRIBUTION, ETC. | |
| Place of publication, distribution, etc. | Harmondsworth |
| Name of publisher, distributor, etc. | Penguin |
| Date of publication, distribution, etc. | 1983, c1978 |
| 300 ## - PHYSICAL DESCRIPTION | |
| Extent | xxvii,356p |
| Dimensions | 20cm |
| Accompanying material | pbk |
| 350 00 - PRICE (NR) (BK AM CF MU VM SE) [OBSOLETE] | |
| Price | £3.95 |
| 490 00 - SERIES STATEMENT | |
| Series statement | Penguin modern classics |
| 500 ## - GENERAL NOTE | |
| General note | Originally published: Bloomington ; London : Indiana University Press, 1978 |
| 546 00 - LANGUAGE NOTE | |
| Language note | Translation of: Petersburg |
| 700 11 - ADDED ENTRY--PERSONAL NAME | |
| Personal name | Maguire, Robert A., |
| Dates associated with a name | 1930-2005. |
| 9 (RLIN) | 318 |
| 700 11 - ADDED ENTRY--PERSONAL NAME | |
| Personal name | Malmstad, John E. |
| 9 (RLIN) | 319 |
| 942 ## - ADDED ENTRY ELEMENTS (KOHA) | |
| Source of classification or shelving scheme | Dewey Decimal Classification |
| Koha item type | Books |
| 956 ## - LOCAL ELECTRONIC LOCATION AND ACCESS (OCLC) | |
| Host name | NLS |
| Withdrawn status | Lost status | Damaged status | Not for loan | Collection | Home library | Current library | Shelving location | Date acquired | Barcode | Date last seen | Price effective from | Koha item type |
|---|---|---|---|---|---|---|---|---|---|---|---|---|
| Reference | Centerville | Centerville | General stacks | 09/04/2014 | 39999000007695 | 09/04/2014 | 09/04/2014 | Books | ||||
| Reference | Midway | Midway | General stacks | 09/04/2014 | 39999000007671 | 09/04/2014 | 09/04/2014 | Books |